MARC details
| 000 -CABECERA |
| campo de control de longitud fija |
03673nam a2200337 a 4500 |
| 003 - IDENTIFICADOR DEL NÚMERO DE CONTROL |
| campo de control |
OSt |
| 005 - FECHA Y HORA DE LA ÚLTIMA TRANSACCIÓN |
| campo de control |
20250612093550.0 |
| 007 - CAMPO FIJO DE DESCRIPCIÓN FÍSICA--INFORMACIÓN GENERAL |
| campo de control de longitud fija |
cr ||||||a|c|a |
| 008 - DATOS DE LONGITUD FIJA--INFORMACIÓN GENERAL |
| campo de control de longitud fija |
240816s2024 mx a|||fom||| 001 0 spa d |
| 040 ## - FUENTE DE LA CATALOGACIÓN |
| Normas de descripción |
rda |
| 100 1# - ENTRADA PRINCIPAL--NOMBRE DE PERSONA |
| Nombre de persona |
Coronado Bernal, Miranda |
| 9 (RLIN) |
189442 |
| 245 10 - MENCIÓN DE TÍTULO |
| Título |
Insecticidas organosintéticos, biorracionales y entomopatógenos para el control de mosquita blanca (Trialeurodes vaporariorum) en jitomate / |
| Mención de responsabilidad, etc. |
por Miranda Coronado Bernal; director de tesis Candelario Santillán Ortega; secretario J. Antonio Tafoya Razo; vocal Guillermo Mondragón Pedrero; suplente Santos Gerardo Leyva Mir; suplente Calixto Leopoldo Carrillo Fonseca. |
| 264 #1 - PRODUCCIÓN, PUBLICACIÓN, DISTRIBUCIÓN, FABRICACIÓN Y COPYRIGHT |
| Producción, publicación, distribución, fabricación y copyright |
Chapingo, México : |
| Nombre del de productor, editor, distribuidor, fabricante |
El autor, |
| Fecha de producción, publicación, distribución, fabricación o copyright |
2024. |
| 300 ## - DESCRIPCIÓN FÍSICA |
| Extensión |
1 recurso en línea (54 páginas): |
| Otras características físicas |
figuras, cuadros. |
| 336 ## - TIPO DE CONTENIDO |
| Fuente |
rdacontent |
| Término de tipo de contenido |
texto |
| Código de tipo de contenido |
txt |
| 337 ## - TIPO DE MEDIO |
| Fuente |
rdamedia |
| Nombre/término del tipo de medio |
computadora |
| Código del tipo de medio |
c |
| 338 ## - TIPO DE SOPORTE |
| Fuente |
rdacarrier |
| Nombre/término del tipo de soporte |
recurso en línea |
| Código del tipo de soporte |
cr |
| 502 ## - NOTA DE TESIS |
| Tipo de título |
Ingeniero Agrónomo Especialista en Parasitología Agrícola |
| Nombre de la institución que otorga el título |
Departamento de Enseñanza, Investigación y Servicio en Parasitología Agrícola, |
| Año de obtención del título |
2024. |
| Información miscelánea |
Licenciatura |
| 504 ## - NOTA DE BIBLIOGRAFÍA, ETC. |
| Nota de bibliografía, etc. |
Incluye referencias bibliográficas: páginas 36-44.<br/> |
| 520 ## - SUMARIO, ETC. |
| Sumario, etc. |
El uso irracional de insecticidas sintéticos para el control de insectos ha traído diversas consecuencias, como la acumulación de residuos químicos en alimentos, desequilibrio ecológico, contaminación del ambiente y desarrollo de resistencia a productos químicos. Se evaluó el efecto de insecticidas del tipo biorracional, organosintéticos y agentes de control biológico, en cultivo de jitomate en invernadero para el control de ninfas y adultos de Trialeurodes vaporariorum, y determinar la efectividad biológica. Se estableció un diseño experimental en bloques completos al azar dentro del invernadero, en el cual utilizaron 28 unidades experimentales (39.296 m2 de cultivo de jitomate en producción) distribuidas al azar en siete tratamientos (T): T1= Testigo (n=4); T2= AJICK® (n=4); T3= PROGRANIC® CinnAcar; T4= SPECTRUM® BEA B (n=9); T5= PROGRANIC® NIMICIDE 80 (n=4); T6= PireKrone® 0.2 % PH (n=4); T7= Plenum® 50 FS (n=4) (testigo comercial). La aplicación de los tratamientos se realizó con una mochila aspersora manual con una boquilla del tipo cono hueco, se realizaron cuatro aplicaciones con intervalo de siete días, mientras que los muestreos se realizaron un día antes de cada aplicación el cual consistió en conteo directo de ninfas y adultos vivos en seis plantas centrales, se seleccionaron al azar dos hojas por planta. Los resultados se analizaron mediante un análisis de varianza (ANOVA α =0.05) y se compararon con una prueba de Tukey (P<0,05), se utilizó el paquete estadístico de Rstudio, para el control de ninfas y adultos en la cuarta evaluación, todos los tratamientos presentaron diferencias significativas (p>0.05) con respecto al T1 (Testigo), pero no entre ellos, mientras que la efectiva biológica fue de 0, 89.6, 89.8, 90.0, 91.2, 91.6 y 93.7 % para T1, T3, T6, T2, T5, T4 y T7, respectivamente. Palabras clave: Solanum lycopersicum, extracto de canela, extracto de ajo, Beauveria bassiana, pymetrozine. |
| 650 #4 - PUNTO DE ACCESO ADICIONAL DE MATERIA--TÉRMINO DE MATERIA |
| Término de materia o nombre geográfico como elemento de entrada |
Extractos vegetales como insecticida |
| 9 (RLIN) |
133644 |
| 650 #4 - PUNTO DE ACCESO ADICIONAL DE MATERIA--TÉRMINO DE MATERIA |
| Término de materia o nombre geográfico como elemento de entrada |
Insecticidas Control biológico de insectos |
| 9 (RLIN) |
168103 |
| 650 #4 - PUNTO DE ACCESO ADICIONAL DE MATERIA--TÉRMINO DE MATERIA |
| Término de materia o nombre geográfico como elemento de entrada |
Trialeurodes vaporarium |
| Subdivisión general |
Control |
| 9 (RLIN) |
189443 |
| 700 1# - PUNTO DE ACCESO ADICIONAL--NOMBRE DE PERSONA |
| Nombre de persona |
Santillán Ortega, Candelario |
| 9 (RLIN) |
102429 |
| Término indicativo de función/relación |
Director de tesis. |
| 700 0# - PUNTO DE ACCESO ADICIONAL--NOMBRE DE PERSONA |
| Nombre de persona |
Tafoya Razo, José Antonio |
| Término indicativo de función/relación |
Secretario. |
| 9 (RLIN) |
111341 |
| 700 1# - PUNTO DE ACCESO ADICIONAL--NOMBRE DE PERSONA |
| Nombre de persona |
Mondragón Pedrero, Guillermo |
| 9 (RLIN) |
77486 |
| Término indicativo de función/relación |
Vocal. |
| 700 1# - PUNTO DE ACCESO ADICIONAL--NOMBRE DE PERSONA |
| Nombre de persona |
Leyva Mir, Santos Gerardo |
| Término indicativo de función/relación |
Suplente. |
| 9 (RLIN) |
66581 |
| 700 0# - PUNTO DE ACCESO ADICIONAL--NOMBRE DE PERSONA |
| Nombre de persona |
Carrillo Fonseca, Calixto Leopoldo |
| 9 (RLIN) |
19482 |
| Término indicativo de función/relación |
Suplente. |
| 856 ## - LOCALIZACIÓN Y ACCESO ELECTRÓNICOS |
| Identificador Uniforme del Recurso |
http://10.13.5.2/tesis/tl/1410453-2_CORONADO_BERNAL_MIRANDA.pdf |
| Nota pública |
DESCARGAR PDF |
| 942 ## - ELEMENTOS DE PUNTO DE ACCESO ADICIONAL (KOHA) |
| Fuente del sistema de clasificación o colocación |
Clasificación Universidad Autónoma Chapingo |
| Tipo de ítem Koha |
Tesis digital |